000 02780nab a2200289 a 4500
005 20250918103616.0
008 991125c2017 sp tr p o 000 0 spa d
035 _aUPN01000219125
040 _aUPN
_bspa
_cUPN
_eaacr2
049 _aART-E
100 1 _aCastro Barea, Josefa
_6- jcastrobarea@yahoo.es
100 1 _aCastro Zamudio, Serafina
245 1 0 _aConsumo de tabaco en población escolarizada y su relación con los trastornos de la conducta alimentaria
_h[recurso electrónico en línea]
506 0 _aAcceso abierto
520 3 _aHay estudios que avalan una relación significativa entre el riesgo de padecer un Trastorno de la Conducta Alimentaria (TCA) y el consumo de tabaco como medida de control del apetito. El objetivo de este estudio es analizar la asociación entre el consumo de tabaco y actitudes y comportamientos presentes en la anorexia y bulimia nerviosas. El diseño del estudio es observacional analítico de casos y controles. La muestra estuvo constituida por 300 participantes de ambos sexos, de entre 12 y 20 años de edad, que respondieron a los siguientes instrumentos de evaluación: EAT-26, EDI-II, BULIT-R y un cuestionario adaptado sobre comportamientos, actitudes y opiniones hacia el tabaco. Se categorizaron las variables cuantitativas continuas y se agruparon a los participantes en grupos sintomáticos y asintomáticos. En el grupo sintomático, se constató que en la variable “haber fumado diariamente, al menos un cigarrillo, durante seis o más meses en la vida” se obtuvo una diferencia estadísticamente significativa χ² (1, N = 300) = 7.536, p< .01, y de magnitud baja (V = .159), en el EAT-26. Para el BULIT-R en esta misma variable se alcanzó una diferencia estadísticamente significativa χ²(1, N = 300) = 8.740, p< .01, y de magnitud baja (V= .171). Para la variable “consumo diario actual de cigarrillos” se alcanzó una diferencia estadísticamente significativa χ² (2, N = 300) = 15.561, p< .01, y de magnitud baja (V = .228), en el EAT-26. Para el BULIT-R en esta misma variable se obtuvo una diferencia estadísticamente significativa χ² (2, N = 300) = 6.237, p< .05, y de magnitud baja (V = .144). Los resultados constatan la relación existente entre el consumo de tabaco y grupos sintomáticos afines a los TCA.
650 0 _91014
_aAdolescentes
650 2 _aAnorexia nerviosa
_94748
650 2 _aBulimia
_99416
650 4 _913566
_aTrastornos alimenticios
653 0 _aConsumo de tabaco
773 _gVol. 10, no. 1 (2017), p. 41-50
_tEscritos de psicología
_x1989-3809
856 4 _uhttps://revistas.uma.es/index.php/espsi/article/view/13190
856 4 _uhttps://doi.org/10.24310/espsiescpsi.v10i1.13190
902 _aGloria Jiménez/0824
905 _aArticulo
942 _cART-E
999 _c191225
_d191225